Sports Quiz

Random Sports or NFL Quiz
Score 0/191 Timer 12:00
11 Plays Today
% Correct
New England Patriots
98.1%
New England Patriots
98.1%
New England Patriots
98%
New England Patriots
98%
New England Patriots
98%
New York Giants
96.5%
New York Giants
96.5%
New York Giants
96.5%
Pittsburgh Steelers
96.5%
Pittsburgh Steelers
96.5%
Pittsburgh Steelers
96.5%
Green Bay Packers
95.4%
Green Bay Packers
95.4%
Tom Brady
95.1%
Tom Brady
95.1%
Tom Brady
95.1%
Tom Brady
95.1%
Peyton Manning
94.9%
Peyton Manning
94.9%
Peyton Manning
94.9%
Peyton Manning
94.9%
Peyton Manning
94.9%
Peyton Manning
94.9%
Eli Manning
94.8%
Indianapolis Colts
94.3%
Indianapolis Colts
94.3%
Dallas Cowboys
93.7%
Dallas Cowboys
93.7%
Dallas Cowboys
93.7%
New Orleans Saints
92.9%
Denver Broncos
92.2%
Denver Broncos
92.2%
Baltimore Ravens
92.1%
St. Louis Rams
91.7%
St. Louis Rams
91.7%
San Francisco 49ers
90.5%
Arizona Cardinals
89.7%
Seattle Seahawks
89.5%
Drew Brees
88.9%
Drew Brees
88.8%
Chicago Bears
88.8%
Oakland Raiders
88.6%
Tampa Bay Buccaneers
88.6%
Buffalo Bills
87%
Buffalo Bills
87%
Buffalo Bills
87%
Buffalo Bills
87%
Philadelphia Eagles
86.2%
Carolina Panthers
85.7%
Tennessee Titans
84.5%
Emmitt Smith
84.3%
Emmitt Smith
84.3%
Emmitt Smith
84.2%
Bruce Smith
83.7%
Bruce Smith
83.7%
Lovie Smith
83.7%
Mike Smith
83.7%
Washington Redskins
83%
Ray Lewis
81.1%
Ray Lewis
81.1%
Ray Lewis
81.1%
Jamal Lewis
80.3%
Marvin Lewis
80.1%
John Elway
79.9%
% Correct
Kurt Warner
79.8%
Kurt Warner
79.8%
Kurt Warner
79.8%
Atlanta Falcons
79.6%
Troy Aikman
77.8%
Steve Young
76.9%
Steve Young
76.9%
Steve Young
76.9%
Steve Young
76.9%
San Diego Chargers
76.6%
Vince Young
76.2%
Hines Ward
75.7%
Brett Favre
74.9%
Brett Favre
74.9%
Brett Favre
74.9%
Brett Favre
74.9%
Pittsburgh Steelers
73.7%
Green Bay Packers
73.4%
Santonio Holmes
73.1%
Tom Brady
72.8%
Tom Brady
72.8%
Chris Johnson
72.7%
Jimmy Johnson
72.6%
Priest Holmes
72.5%
Terrell Davis
71.9%
Terrell Davis
71.9%
Terrell Davis
71.9%
Terrell Davis
71.9%
Aaron Rodgers
68%
LaDainian Tomlinson
67.8%
LaDainian Tomlinson
67.8%
Shaun Alexander
63.5%
Shaun Alexander
63.5%
Barry Sanders
62.5%
Barry Sanders
62.5%
Barry Sanders
62.5%
Deion Sanders
62.4%
Bob Sanders
62.2%
Larry Brown
62%
Marshall Faulk
57.8%
Marshall Faulk
57.8%
Marshall Faulk
57.8%
Marshall Faulk
57.8%
Marshall Faulk
57.8%
Deion Branch
57.3%
Joe Montana
54.9%
Desmond Howard
53.7%
Dexter Jackson
53.5%
Adrian Peterson
50.3%
Jerry Rice
49.9%
Simeon Rice
49.5%
Thurman Thomas
48.3%
Thurman Thomas
48.3%
Ed Reed
48.1%
Anthony Thomas
48.1%
Rich Gannon
47.6%
Bill Belichick
47.5%
Bill Belichick
47.5%
Steve McNair
46%
Cadillac Williams
44.9%
Ben Roethlisberger
44.4%
Randy Moss
43.6%
Charles Woodson
43.6%
Charles Woodson
43.6%
% Correct
Rod Woodson
43.4%
Mark Rypien
42.7%
Ottis Anderson
42.3%
Mike Anderson
42.1%
Jason Taylor
37.6%
Matt Ryan
36.4%
Bill Belichick
36.3%
James Harrison
35.7%
Reggie White
35.1%
Brian Urlacher
30.2%
Brian Urlacher
30.2%
Troy Polamalu
29.2%
Edgerrin James
28.1%
Jerome Bettis
26.7%
Warren Sapp
26.4%
Bill Parcells
25.5%
Bill Cowher
25.5%
Michael Strahan
24.8%
Andy Reid
24.4%
Derrick Brooks
23.5%
Sean Payton
22.5%
Eddie George
21.6%
Curtis Martin
20.5%
Ndamukong Suh
18.8%
Terrell Suggs
18.1%
Julius Peppers
17.8%
Dick Vermeil
17.3%
Patrick Willis
17%
Kendrell Bell
16.9%
Warren Moon
16.5%
Sam Bradford
15.2%
Brian Cushing
15.1%
Dale Carter
15.1%
Clinton Portis
13.9%
Dan Reeves
12.8%
Dan Reeves
12.8%
Anquan Boldin
11.7%
Percy Harvin
11.3%
Marty Schottenheimer
11%
Warrick Dunn
8.4%
Shawne Merriman
8.3%
Jevon Kearse
7%
Jim Fassel
6.9%
Cortez Kennedy
6.6%
DeMeco Ryans
6.3%
Jerod Mayo
6.2%
Dana Stubblefield
5.9%
Dana Stubblefield
5.9%
Bryce Paup
5.1%
Dom Capers
4.4%
Jonathan Vilma
4.3%
Ray Rhodes
4.3%
Wayne Fontes
4.1%
Dick Jauron
3.9%
Leonard Russell
3.2%
Jim Haslett
3.2%
Peter Boulware
2.9%
Pat Swilling
2.6%
Mark Carrier
2.2%
Carl Pickens
2.1%
Hugh Douglas
2%
Mike Croel
1.5%
Tim Bowens
1.2%

You're not logged in!

Compare scores with friends on all Sporcle quizzes.
OR
Log In

Sporcle TV

Today on Sporcle TV


Watch our educational content, quiz creation guides, and fun videos on Sporcle TV.

Show Comments

Extras

Top Quizzes Today


Score Distribution

Your Account Isn't Verified!

In order to create a playlist on Sporcle, you need to verify the email address you used during registration. Go to your Sporcle Settings to finish the process.

Report this User

Report this user for behavior that violates our Community Guidelines.

Details: